|
|
|
|
| LEADER |
00000nam0a2200000 4500 |
| 001 |
322159 |
| 005 |
20231102003440.0 |
| 035 |
|
|
|a (RuTPU)RU\TPU\book\347715
|
| 090 |
|
|
|a 322159
|
| 100 |
|
|
|a 20160919d1970 m y0rusy50 ca
|
| 101 |
0 |
|
|a rus
|
| 102 |
|
|
|a RU
|
| 105 |
|
|
|a y j 000zb
|
| 200 |
1 |
|
|a В. И. Ленин о единстве мира
|e учебное пособие для вузов
|f Ф. И. Долгих
|
| 210 |
|
|
|a Москва
|c Высшая школа
|d 1970
|
| 215 |
|
|
|a 124 с.
|
| 600 |
|
1 |
|a Ленин
|b В. И.
|c настоящая фамилия Ульянов
|c российский политический деятель
|f 1870-1924
|g Владимир Ильич
|2 stltpush
|3 (RuTPU)RU\TPU\pers\1074
|9 486
|
| 606 |
1 |
|
|a Естествознание
|x Философские проблемы
|2 stltpush
|3 (RuTPU)RU\TPU\subj\39118
|9 59321
|
| 610 |
1 |
|
|a ленинская концепция
|
| 610 |
1 |
|
|a материя
|
| 610 |
1 |
|
|a марксистское понимание
|
| 610 |
1 |
|
|a единство
|
| 610 |
1 |
|
|a картина мира
|
| 610 |
1 |
|
|a естественные науки
|
| 610 |
1 |
|
|a естественнонаучная картина мира
|
| 610 |
1 |
|
|a естественнонаучные открытия
|
| 610 |
1 |
|
|a учебные пособия
|
| 686 |
|
|
|a Ю252:5я7
|v LBC/SL-A
|2 rubbk
|
| 700 |
|
1 |
|a Долгих
|b Ф. И.
|g Филипп Иванович
|
| 801 |
|
1 |
|a RU
|b 63413507
|c 20160919
|
| 801 |
|
2 |
|a RU
|b 63413507
|c 20170228
|g RCR
|
| 942 |
|
|
|c BK
|